Star Trek: The Motion Picture quiz - Statistics

General Stats
  • This quiz has been taken 37 times
  • The average score is 8 of 12
Answer Stats
Hint Answer % Correct
Which alien race was redesigned with a new appearance, beginning with this movie? Klingons
100%
What is the name of the entity that the Enterprise encounters? V'ger
89%
What is the real name of the NASA probe at the center of the entity? Voyager 6
89%
Who is drafted back into Starfleet at Kirk's request? Dr. McCoy
85%
Where is the entity going? Earth
85%
What year was the film released? 1979
78%
Who or what is that entity searching for? the Creator
78%
Who was demoted from captain of the Enterprise when Kirk returned? Will Decker
74%
What Deltan woman and former love interest of the new captain also joined the crew? Ilia
48%
What ritual is Spock undergoing on the planet Vulcan? Kolinahr
44%
Who directed the movie? Robert Wise
30%
What Vulcan was killed in a transporter accident while beaming aboard the Enterprise? Sonak
26%
No matching quizzes found
Score Distribution
Percent of People with Each Score
Percentile by Number Answered
Your Score History
You have not taken this quiz